| 000 | 00000nas 2200000za 4500 |
| 001 | 9.500546 |
| 003 | CaOODSP |
| 005 | 20221107132901 |
| 007 | cr ||||||||||| |
| 008 | 150406c19999999onc x p o||||f0 |0fre|d |
| 022 | |a1493-7565 |
| 040 | |aCaOODSP|bfre |
| 041 | |afre|aeng |
| 043 | |an-cn--- |
| 086 | 1 |aYC30-PDF |
| 110 | 1 |aCanada. |bParlement. |bSénat. |bComité permanent de la régie interne, des budgets et de l'administration. |
| 245 | 10|aProceedings of the Standing Senate Committee on Internal Economy, Budgets and Administration |h[ressource électronique] = |bDélibérations du Comité permanent de la régie interne, des budgets et de l'administration. |
| 246 | 11|aDélibérations du Comité permanent de la régie interne, des budgets et de l'administration |
| 260 | |aOttawa : |bSénat du Canada, |c1999- |
| 310 | |aIrrégulier |
| 362 | 1 |a[36e législature, 2e session, fascicule n° 1 (18 nov. 1999)--] |
| 515 | |aLa numérotation reprend à chaque session au fascicule n° 1. |
| 546 | |aTexte en anglais et en français. |
| 791 | |tProceedings of the Standing Committee on Internal Economy, Budgets and Administration |eeng|w(CaOODSP)9.500545 |